Don't touch that funnel!
Snahy o obmedzenie variácie v stabilnom systéme rôznymi manipuláciami túto variáciu zvyšujú. Toto sa týka nielen výrobných, ale aj organizačných a riadiacich procesov v podniku. Popis experimentu na demonštráciu manipulačných zásahov. Tzv. lievikový experiment možno simulovať na osobnom počítači.
Salvato in:
| Autore principale: | |
|---|---|
| Altri autori: | |
| Natura: | Capitolo di libro |
| Lingua: | inglese |
| Soggetti: | |
| Tags: |
Nessun Tag, puoi essere il primo ad aggiungerne!!
|
MARC
| LEADER | 00000naa a2200000 4500 | ||
|---|---|---|---|
| 001 | r003656 | ||
| 005 | 20220819193840.5 | ||
| 041 | 0 | |a eng | |
| 044 | |a US | ||
| 245 | 1 | 0 | |a Don't touch that funnel! |c T.J. Boardman, E.C. Boardman |
| 520 | |a Snahy o obmedzenie variácie v stabilnom systéme rôznymi manipuláciami túto variáciu zvyšujú. Toto sa týka nielen výrobných, ale aj organizačných a riadiacich procesov v podniku. Popis experimentu na demonštráciu manipulačných zásahov. Tzv. lievikový experiment možno simulovať na osobnom počítači. | ||
| 610 | 2 | 0 | |a podnik |
| 610 | 2 | 0 | |a experimenty |
| 610 | 2 | 0 | |a simulácia |
| 610 | 2 | 0 | |a počítače osobné |
| 610 | 2 | 0 | |a využitie počítačov |
| 610 | 2 | 0 | |a metódy matematické |
| 610 | 2 | 0 | |a riadenie podnikové |
| 610 | 2 | 0 | |a riadenie výroby |
| 100 | 1 | |a Boardman, T.J. | |
| 700 | 1 | |a Boardman, E.C. | |